[Event "23rd OIBM 2019"]
[Site "Gmund am Tegernsee"]
[Date "2019.11.02"]
[Round "8.29"]
[White "Morawietz, Dieter"]
[Black "Cordts, Ingo"]
[Result "1-0"]
[WhiteElo "2419"]
[BlackElo "2212"]
[Annotator "RC"]
[PlyCount "65"]
[EventDate "2019.10.17"]
[EventType "swiss"]
[EventCountry "GER"]
[SourceTitle "playchess.com"]
[Source "ChessBase"]
[SourceQuality "1"]
[TimeControl "40/5400+30:1800+30"]

1. d4 {[%emt 0:00:00]} d5 {[%emt 0:00:00]} 2. c4 {[%emt 0:00:00]} e6 {[%emt 0:00:20]} 3. Nc3 {[%emt 0:00:00]} Bb4 {[%emt 0:00:09]} 4. a3 {[%emt 0:02:07]} Bxc3+ {[%emt 0:00:07]} 5. bxc3 {[%emt 0:00:06]} dxc4 {[%emt 0:02:06]} 6. e3 {[%emt 0:04:51]} b5 {[%emt 0:00:59]} 7. a4 {[%emt 0:01:25]} c6 {[%emt 0:01:15]} 8. axb5 {[%emt 0:15:40]} cxb5 {[%emt 0:00:30]} 9. Qf3 {[%emt 0:00:11]} Qd5 {[%emt 0:01:18]} 10. Qg3 {[%emt 0:00:18]} g6 {[%emt 0:18:18]} 11. Be2 {[%emt 0:04:42]} Nc6 {[%emt 0:03:11]} 12. Bf3 {[%emt 0:08:30]} Qd7 {[%emt 0:00:11]} 13. Ba3 {[%emt 0:01:03]} Bb7 {[%emt 0:03:35]} 14. Nh3 {[%emt 0:05:30]} Nge7 {[%emt 0:01:50]} 15. Ng5 {[%emt 0:08:26]} Nf5 {[%emt 0:17:31]} 16. Qf4 {[%emt 0:08:52]} O-O-O {[%emt 0:09:21]} 17. Ne4 {[%emt 0:07:39]} e5 {[%emt 0:03:05]} 18. dxe5 {[%emt 0:04:38]} g5 {[%emt 0:06:15]} 19. Qxg5 {[%emt 0:00:12]} Nxe5 {[%emt 0:05:29]} 20. Nd6+ {[%emt 0:01:30]} Nxd6 {[%emt 0:02:34]} 21. Qxe5 {[%emt 0:00:18]} Bxf3 {[%emt 0:02:51]} 22. gxf3 {[%emt 0:00:31]} Nf5 {[%emt 0:01:52]} 23. O-O {[%emt 0:05:14]} Rhg8+ {[%emt 0:02:10]} 24. Kh1 {[%emt 0:00:10]} Rg5 {[%emt 0:01:48]} 25. Qf4 {[%emt 0:05:21]} Rdg8 {[%emt 0:01:28]} 26. Rfd1 {[%emt 0:08:51]} Qc6 {[%emt 0:01:54]} 27. e4 {[%emt 0:00:54]} Qg6 {[%emt 0:00:46]} 28. exf5 {[%emt 0:01:24]} Rxf5 {[%emt 0:04:14]} 29. Qg4 {[%emt 0:02:27]} Qxg4 {[%emt 0:00:20]} 30. fxg4 {[%emt 0:00:06]} Rxg4 {[%emt 0:01:41]} 31. Bd6 {[%emt 0:00:39]} Rxf2 {[%emt 0:01:42]} 32. Rxa7 {[%emt 0:00:33]} h5 {[%emt 0:01:47]} 33. Be5 {[%emt 0:00:52]} 1-0

[Event "23rd OIBM 2019"]
[Site "Gmund am Tegernsee"]
[Date "2019.11.02"]
[Round "8.30"]
[White "Ryzhkov, Vadim"]
[Black "Badelka, Olga"]
[Result "1/2-1/2"]
[WhiteElo "2187"]
[BlackElo "2413"]
[Annotator "TA"]
[PlyCount "115"]
[EventDate "2019.10.17"]
[EventType "swiss"]
[EventCountry "GER"]
[SourceTitle "playchess.com"]
[Source "ChessBase"]
[SourceQuality "1"]

{[%evp 14,115,66,51,77,16,16,16,20,27,35,35,29,29,37,32,37,34,38,38,33,40,37,-22,-20,-24,-25,-23,0,0,0,0,0,0,0,-10,-8,-8,-8,-10,-7,-8,-2,-8,-17,-18,-12,-12,-10,-27,0,0,8,8,12,12,12,0,0,0,0,0,0,0,0,0,0,-5,0,0,0,0,0,0,0,0,0,-1,0,0,0,0,0,0,0,0,0,0,0,-11,0,0,0,0,0,0,0,0,0,0,0,0,0,0]} 1. e4 c5 2. c3 d6 3. d4 Nf6 4. Bd3 g6 5. Nf3 Bg7 6. h3 O-O 7. O-O Nc6 8. Re1 e5 {[%cal Re5d4] B07: Pirc Defence: Miscellaneous Systems} 9. dxc5 (9. d5 $16 Ne7 10. Bd2) 9... dxc5 $11 10. Na3 Qe7 11. Bg5 Rd8 12. Qe2 h6 13. Bxf6 Qxf6 {[#]} 14. Bc4 $146 ({Predecessor:} 14. Nc2 a6 15. a4 Be6 16. Bc4 Bxc4 17. Qxc4 {½-½ (75) Barbosa,O (2538)-Li,C (2710) Jakarta 2011}) 14... a6 15. Nc2 b5 16. Bd5 Rb8 17. a4 Ne7 18. axb5 (18. Ne3 $14) 18... Nxd5 19. exd5 {[%cal Rb5a6]} axb5 20. Qxe5 Qb6 21. Qf4 Bb7 22. Ne3 Bxd5 23. Nxd5 Rxd5 24. Ne5 Rf8 {[#] Threatens to win with ...Qd6.} 25. Ra8 Qf6 26. Qxf6 Bxf6 27. Ng4 Bg7 28. Ree8 $132 {[%mdl 2048] White has counterplay} Rd1+ 29. Kh2 Rxe8 30. Rxe8+ {[%mdl 4096] Endgame KRB-KRN} Kh7 {...h5 is the strong threat.} 31. Re7 h5 32. Ne5 {The position is equal.} ({Much worse is} 32. Ne3 Rd2 $15) 32... Re1 {[#]} 33. Nxg6 $1 {[%mdl 512]} Rf1 (33... fxg6 34. Rxe1) 34. Nf4 {aiming for Kg3.} Rxf2 35. Nxh5 Bf8 36. Rd7 Kg6 37. Kg3 Rxb2 38. Rd8 Bh6 39. Rd5 c4 40. Kf3 Rb3 {Strongly threatening ...b4.} 41. Nf4+ Kh7 42. Ke4 b4 43. cxb4 $1 c3 44. Nd3 c2 45. Rc5 Rxd3 46. Kxd3 c1=Q 47. Rxc1 Bxc1 {KB-K3P} 48. b5 Kg6 49. b6 Bf4 50. Ke4 Bb8 51. b7 Kg5 52. g4 Bg3 53. Kd5 Kh4 54. Ke4 $1 Kg5 (54... Bb8 $5) 55. Kd5 Bh2 (55... Kh4 $5 {[%cal Rh4h3]} 56. Ke4 Kxh3 $11) 56. Ke4 Bb8 57. Kd5 Kh4 58. Ke4 $1 {Accuracy: White = 67%, Black = 71%.} 1/2-1/2

[Event "23rd OIBM 2019"]
[Site "Gmund am Tegernsee"]
[Date "2019.11.02"]
[Round "8.31"]
[White "Bopp, Thomas"]
[Black "Miller, Eduard"]
[Result "0-1"]
[WhiteElo "2156"]
[BlackElo "2402"]
[Annotator "TA"]
[PlyCount "92"]
[EventDate "2019.10.17"]
[EventType "swiss"]
[EventCountry "GER"]
[SourceTitle "playchess.com"]
[Source "ChessBase"]
[SourceQuality "1"]

{[%evp 19,92,28,31,26,25,32,29,27,34,0,50,44,50,43,58,58,41,55,66,58,77,72,145,59,74,50,90,4,4,0,0,0,0,0,0,0,81,78,65,0,0,0,0,-6,-2,-11,0,0,0,-7,0,-12,-12,-12,-12,-16,-16,-16,-5,-16,-8,-29,0,-58,-58,-58,-58,-141,-128,-274,-277,-816,-815,-503,-497]} 1. d4 Nf6 2. c4 g6 3. Nc3 Bg7 4. e4 d6 5. Be2 O-O 6. Bg5 Na6 7. Qd2 e5 8. d5 c6 9. f3 cxd5 10. cxd5 Bd7 11. Bxa6 {E73: King's Indian: Averbakh Variation without 6...c5} (11. Rc1 Qa5 12. Nb5 Qxd2+ 13. Bxd2 Ne8 14. b4 f5 15. Nh3 Bf6 16. Nf2 Bd8 17. a4 Bb6 18. Rf1 Nac7 19. Nxc7 Nxc7 {0-1 (40) Le,Q (2714)-Guseinov,G (2664) chess.com INT 2019}) 11... bxa6 12. Nge2 a5 13. b3 {White has an edge.} Qb6 14. Be3 Qa6 15. O-O Rab8 16. Rab1 $146 ({Predecessor:} 16. Rac1 Nh5 17. g4 Nf4 18. Nxf4 exf4 19. Bxf4 {1-0 (44) Gorovets,A (2494)-Remlinger,L (2304) Santa Clara 2014}) 16... Rb7 17. Nc1 Ne8 18. Nd3 Nc7 19. Nb2 Rfb8 20. Rbc1 Na8 (20... Ne8 $142) 21. Rc2 (21. Nc4 $16) 21... Nb6 22. Rfc1 Bf8 23. Qe2 (23. h3 $16) 23... Qxe2 $11 24. Nxe2 a4 25. Nxa4 Nxa4 26. bxa4 Bxa4 27. Rc8 Kg7 {[#]} (27... a6 $11) 28. Rxb8 $1 $16 Rxb8 29. Rc7 (29. Nc3 $14 Bd7 30. Bxa7) 29... Rb1+ $1 $11 30. Rc1 Rxc1+ 31. Bxc1 {[%mdl 4096] Endgame KBB-KBN} f5 32. Nc3 Be8 33. Be3 a6 34. Kf1 Kf7 35. Ke2 Be7 36. Bb6 Bg5 37. Kd1 h5 38. Kc2 Ke7 39. Kb3 Bd2 40. Nb1 Be1 41. a4 ({Better is} 41. Na3 $1 $11) 41... fxe4 $15 42. fxe4 g5 $1 43. Na3 ({White should play} 43. Be3 $15) 43... Bg6 {...g4 is the strong threat.} 44. Nc4 (44. Nc2 $17 Bd2 45. Be3 Bxe3 46. Nxe3) 44... Bxe4 $19 45. Bc7 $2 {[#]} (45. Ne3) 45... Bxd5 46. Bxd6+ Ke6 {Accuracy: White = 32%, Black = 41%.} 0-1

[Event "23rd OIBM 2019"]
[Site "Gmund am Tegernsee"]
[Date "2019.11.02"]
[Round "8.32"]
[White "Piscopo, Pierluigi"]
[Black "Renner, Kai"]
[Result "1-0"]
[WhiteElo "2398"]
[BlackElo "2153"]
[Annotator "TA"]
[PlyCount "103"]
[EventDate "2019.10.17"]
[EventType "swiss"]
[EventCountry "GER"]
[SourceTitle "playchess.com"]
[Source "ChessBase"]
[SourceQuality "1"]

{[%evp 9,103,0,0,-17,23,25,41,-6,80,91,161,117,112,97,122,108,109,89,276,281,277,202,211,144,153,150,156,150,166,141,115,-352,193,146,316,147,149,129,169,104,232,158,289,265,287,265,338,339,641,638,610,602,863,858,1214,1214,1214,1214,1214,977,932,882,1072,1047,869,853,5139,3680,3924,4665,2391,2256,1686,1816,2755,2083,1829,1731,12833,12833,12833,12833,12833,12660,12837,12838,12842,12843,12843,12843,12846,12844,12845,12845,12845,12844]} 1. Nf3 f5 2. d3 d6 3. e4 e5 4. Nc3 c5 (4... Be7 5. d4 fxe4 6. Nxe4 d5 7. Neg5 exd4 8. Bd3 Qd6 9. Nxd4 c5 10. Nb5 Qe5+ 11. Be3 Na6 12. O-O {1-0 (36) Svidler,P (2751)-Bu,X (2710) Tbilisi 2017}) 5. a3 $146 ({Predecessor:} 5. g3 Nf6 6. Bg2 Nc6 7. O-O Be7 8. Bg5 O-O 9. Nd2 Be6 10. a4 Qd7 11. exf5 Bxf5 12. Bxf6 Bxf6 {0-1 (40) Perez Ponsa,F (2553)-Hjartarson,J (2536) chess.com INT 2018}) 5... Nc6 6. b4 {A04: Unusual lines after 1 Nf3 and King's Indian Attack} b6 7. g3 Nf6 8. Bg5 {White is slightly better.} fxe4 (8... Be7 $1 $11 {keeps the balance.}) 9. dxe4 $16 Be6 (9... Bb7 $16 {was worth a try.}) 10. Bb5 Rc8 11. Bxf6 Qxf6 12. Nd5 Qd8 13. Nh4 Kf7 $2 (13... g6 $16) 14. O-O $18 Kg8 15. c3 Ne7 16. Bc4 {Threatens to win with Qg4!} Qd7 17. Qg4 Nxd5 18. Bxd5 Re8 19. bxc5 $40 {[%mdl 128] White goes for the king.} dxc5 {Hoping for ...Qxd5.} 20. Rad1 $2 {[%mdl 8192]} (20. Bxe6+ $16 {keeps the pressure on.} Qxe6 21. Qxe6+ Rxe6 22. Rfd1) 20... Qf7 $4 {[%mdl 8192]} (20... Qxd5 $1 $19 {and life is good for Black.} 21. Nf5 Bxf5 22. Qxf5 Qf7) 21. Nf5 {[%cal Rf5h6]} g6 $2 {[#]} (21... h5 $16 22. Qg5 Rh7) 22. Bxe6 (22. f4 $1 $18) 22... Qxe6 23. Ne3 c4 24. Qe2 (24. Rd7 $18) 24... b5 (24... h5 $16) 25. a4 a6 (25... bxa4 $16 26. Qa2 (26. Nxc4 Rc8 $14) (26. Qxc4 Qxc4 27. Nxc4 a3 $16) 26... h5) 26. axb5 axb5 27. Rd5 Rb8 28. Rb1 Qe8 $2 {[#]} (28... Kg7 29. Rdxb5 Rxb5 30. Rxb5 Be7) 29. Rdxb5 $1 {[%mdl 576] Remove Defender, Decoy. White is clearly winning.} Rxb5 30. Qxc4+ {[%mdl 64] Double Attack} Qf7 31. Qxb5 h5 32. Qc6 Bg7 33. Rb7 Qf6 34. Qxf6 Bxf6 {[%mdl 4096] Endgame KRB-KRN} 35. Nd5 Bg7 36. h4 Kh7 37. Nc7 Kh6 38. Ne6 Bf6 39. Rf7 Bd8 40. Rf8 Rxf8 41. Nxf8 {KB-KN} Ba5 42. c4 Kg7 43. Nd7 Bc7 44. c5 Kf7 45. Nb6 Ke6 46. Nd5 Bd8 47. c6 Kd6 {[#]} 48. c7 $1 Bxc7 49. Nxc7 Kxc7 50. Kf1 Kd6 51. Ke2 Ke6 52. Kd3 {Accuracy: White = 62%, Black = 21%.} 1-0

[Event "23rd OIBM 2019"]
[Site "Gmund am Tegernsee"]
[Date "2019.11.02"]
[Round "8.33"]
[White "Kraich, Klaus"]
[Black "Padmini, Rout"]
[Result "0-1"]
[WhiteElo "2183"]
[BlackElo "2394"]
[Annotator "TA"]
[PlyCount "42"]
[EventDate "2019.10.17"]
[EventType "swiss"]
[EventCountry "GER"]
[SourceTitle "playchess.com"]
[Source "ChessBase"]
[SourceQuality "1"]

{[%evp 14,44,14,0,62,-4,5,-76,-77,-69,-64,-78,-70,-78,-46,-76,-57,-91,-115,-229,-157,-532,-487,-537,-529,-502,-494,-574,-427,-606,-512,-628,-627]} 1. d4 e6 2. Nf3 c5 3. e3 Nf6 4. c3 b6 5. Bd3 Bb7 6. O-O Nc6 7. Nbd2 Qc7 8. Qe2 Rg8 $146 {A47: 1 d4 Nf6 2 Nf3 b6: Torre, London and Colle Systems} (8... Be7 $11) ({Predecessor:} 8... Be7 9. a3 d5 10. e4 dxe4 11. Nxe4 cxd4 12. cxd4 O-O 13. Be3 Nd5 14. Rac1 Nf4 15. Bxf4 Qxf4 16. Qe3 Qxe3 17. fxe3 {½-½ (60) Vorotnikov,V (2440)-Ghaem Maghami,E (2570) Basel 2012}) 9. a3 ({White should try} 9. e4 $14) 9... g5 $11 10. Ne4 (10. g3 $11) 10... Nxe4 $17 {Black is better.} 11. Bxe4 g4 {[#] White must now prevent ...d5.} 12. Nd2 f5 13. Bd3 Bd6 $36 {[%mdl 2048] Black has good play.} 14. g3 h5 15. Rd1 {[#]} h4 $1 {[%cal Rh4g3][%mdl 512]} 16. Nf1 (16. Nc4 $17 {was necessary.}) (16. gxh4 Bxh2+) 16... cxd4 17. e4 $2 (17. cxd4 $17 hxg3 18. fxg3) 17... dxc3 {Black is clearly winning.} 18. bxc3 hxg3 19. fxg3 Ne5 20. Bb1 Bc5+ 21. Kg2 (21. Kh1 $142 Nf3 22. Bf4) 21... fxe4 {Played: Qc7-c6} 0-1

[Event "23rd OIBM 2019"]
[Site "Gmund am Tegernsee"]
[Date "2019.11.02"]
[Round "8.34"]
[White "Kastek, Thomas"]
[Black "Zude, Arno"]
[Result "0-1"]
[WhiteElo "2129"]
[BlackElo "2372"]
[Annotator "TA"]
[PlyCount "68"]
[EventDate "2019.10.17"]
[EventType "swiss"]
[EventCountry "GER"]
[SourceTitle "playchess.com"]
[Source "ChessBase"]
[SourceQuality "1"]

{[%evp 17,68,0,0,-25,-7,-33,0,-70,-76,-114,-122,-116,-116,-131,-67,-132,-123,-132,-106,-97,-102,-103,-100,-98,-70,-80,-77,-89,-71,-89,-94,-105,-70,-72,-74,-74,-68,-74,-63,-69,-69,-80,-29,-38,-29,-63,-36,-42,-36,-54,-36,-377,-357]} 1. d4 Nf6 2. Nf3 e6 3. Bf4 d5 4. e3 Bd6 5. Bg3 c5 6. c3 O-O 7. Nbd2 b6 8. Bd3 Bb7 9. Ne5 Nc6 10. f4 {D02: 1 d4 d5 2 Nf3 sidelines, including 2...Nf6 3 g3 and 2...Nf6 3 Bf4} (10. O-O Qc7 11. f4 Ne7 12. Qb1 Qc8 13. Bh4 Nf5 14. Bxf5 exf5 15. Bxf6 gxf6 16. Nef3 Qe6 17. Re1 Ba6 18. Nh4 cxd4 19. exd4 {1-0 (28) Korobov,A (2692)-Dominguez Perez,L (2739) Doha 2016}) 10... Ne7 11. Qb1 cxd4 12. cxd4 $146 (12. exd4 $11 g6 13. Bf2) ({Predecessor:} 12. exd4 g6 13. Bf2 Ne8 14. Ndf3 Ng7 15. Be3 f6 16. Ng4 Qc7 17. Qc1 Rae8 {½-½ (43) Romanov,S (2503)-Fraczek,D (2309) ICCF email 2013}) 12... Bb4 $15 13. a3 Bxd2+ $1 14. Kxd2 Ne4+ 15. Ke2 a5 (15... Nf5 $17 16. Be1 a5) 16. Bh4 (16. Rc1 $15) 16... f6 $17 17. Nf3 Nf5 18. Bf2 Nfd6 19. Rc1 Qd7 20. Be1 Ba6 21. Bxa6 Rxa6 22. Qd3 Raa8 23. Rc2 Rfc8 {[#] Threatens to win with ...Rxc2+.} 24. Rac1 h6 25. Nd2 Rxc2 26. Rxc2 Rc8 27. Nxe4 Nxe4 28. Rxc8+ Qxc8 29. Kd1 Kh7 ({Black should try} 29... Qe8 $17 {aiming for ...Qh5+.} 30. Kc1 Nd6) 30. Qb5 $11 Qc7 31. Bd2 Nd6 32. Qd3+ f5 33. b3 Ne4 {Hoping for ...Nf2+.} 34. Qb5 $2 {[%mdl 8192] [#]} ({Better is} 34. Be1 $15) 34... Qc3 $1 {[%mdl 512] Accuracy: White = 40%, Black = 46%.} 0-1

[Event "23rd OIBM 2019"]
[Site "Gmund am Tegernsee"]
[Date "2019.11.02"]
[Round "8.35"]
[White "Moehn, Hans"]
[Black "Loew, Gerald"]
[Result "1-0"]
[WhiteElo "2370"]
[BlackElo "2162"]
[Annotator "TA"]
[PlyCount "71"]
[EventDate "2019.10.17"]
[EventType "swiss"]
[EventCountry "GER"]
[SourceTitle "playchess.com"]
[Source "ChessBase"]
[SourceQuality "1"]

{[%evp 22,71,61,51,56,61,120,120,132,114,156,161,187,185,237,223,228,191,190,197,222,231,273,260,264,251,251,256,234,264,285,259,361,324,339,316,329,318,337,318,433,433,701,411,477,448,901,877,751,461,29988,29989]} 1. Nf3 d6 2. d4 Nf6 3. b3 Nbd7 4. Bb2 g6 5. g3 Bg7 6. Bg2 O-O 7. O-O e5 8. dxe5 Ng4 9. Qc1 Ngxe5 10. c4 Nxf3+ 11. Bxf3 Ne5 {[%cal Bd7e5,Be5c6,Bc6d4][%mdl 32]} 12. Bg2 Bg4 {A49: 1 d4 Nf6 2 Nf3 g6 3 g3: Anti-King's Indian systems} (12... Re8 13. Nc3 Rb8 14. Qd2 a6 15. Rad1 Be6 16. f4 Ng4 17. h3 Nf6 18. e4 b5 19. f5 Bd7 20. g4 bxc4 21. fxg6 hxg6 {0-1 (58) Mamedov,R (2709)-McShane,L (2647) Batumi 2018}) 13. Nc3 Qd7 $146 ({Better is} 13... c6 $14) ({Predecessor:} 13... Qc8 14. Nd5 Re8 15. f4 c6 16. Nc3 Nd7 17. Qd2 Nc5 18. b4 Na6 19. Ne4 d5 20. Bxg7 dxe4 21. Bb2 Qe6 22. f5 gxf5 23. h3 Bh5 24. g4 Bg6 25. gxf5 Bxf5 26. Qg5+ {1-0 (25) Hakobyan,A (2554)-Suleymenov,A (2307) Manavgat 2018}) 14. Bxb7 $16 Rae8 {With the idea ...c6.White is better.} 15. Bg2 Nc6 16. Qd2 Nd4 {[%cal Rd4e2]} 17. Rae1 h5 (17... f5 $142 18. f3 Bh5) 18. f3 $18 Bh3 19. Nd5 Bxg2 20. Kxg2 c5 21. e3 Nf5 22. Bf6 (22. Bxg7 Kxg7 23. g4 Nh4+ 24. Kg3 g5 $18) 22... Re6 23. Qc3 Qd8 {[%cal Rg7f6]} 24. Bxg7 (24. Bxd8 $6 Bxc3 25. Nxc3 Rxd8 $16) 24... Nxg7 25. e4 f5 26. Nf4 Ref6 27. e5 dxe5 28. Rxe5 (28. Qxe5 Qd4 $18) 28... Rd6 29. Rf2 ({Don't take} 29. Rxc5 Ne6 $18) 29... h4 30. Rfe2 (30. Rxc5 g5) 30... g5 31. Nd5 ({Don't play} 31. Re7 Rf7 $18) 31... g4 (31... hxg3 $142 32. Re7 (32. Kxg3 Rh6 $18) 32... Rf7 33. hxg3 Qf8 34. Rxf7 Qxf7) 32. f4 hxg3 33. hxg3 Rh6 {[#]} (33... Rf7 $142 34. Qe3 Rh6 35. Qxc5 Qf8 36. Qxf8+ Kxf8) 34. Re7 $1 {[%csl Ge7][%cal Rc3g7]} Nh5 35. Qe5 Qa5 (35... Qb8 $18 36. Qb2 Rh7) 36. Re8 {Accuracy: White = 84%, Black = 17%.} 1-0

[Event "23rd OIBM 2019"]
[Site "Gmund am Tegernsee"]
[Date "2019.11.02"]
[Round "8.36"]
[White "Wenner, Tobias"]
[Black "Baum, Jonasz"]
[Result "0-1"]
[WhiteElo "2127"]
[BlackElo "2341"]
[Annotator "TA"]
[PlyCount "124"]
[EventDate "2019.10.17"]
[EventType "swiss"]
[EventCountry "GER"]
[SourceTitle "playchess.com"]
[Source "ChessBase"]
[SourceQuality "1"]

{[%evp 12,124,0,-13,-4,-8,-7,-17,0,-20,-25,-29,-11,-34,-37,-33,-25,-32,-2,-47,-41,-50,-47,-50,-46,-53,-41,-51,-42,-47,-14,-56,-45,-56,-56,-56,-51,-61,-64,-64,-64,-72,-69,-92,-33,-38,0,-11,-7,-16,-16,-31,-21,-31,-18,-31,-7,-31,6,-67,-57,-57,-57,-57,-57,-59,-60,-66,0,0,0,0,0,-69,0,0,0,-68,-75,-158,-132,-125,-8,-10,0,0,0,0,0,0,0,-102,-35,-83,0,-16,0,-206,0,0,0,0,0,0,0,-9,-9,-342,-322,-864,-860,-852,-811,-971,-971]} 1. Nf3 c5 2. g3 g6 3. Bg2 Bg7 4. d3 Nc6 5. O-O d6 6. c3 e5 7. e4 Nf6 {A04: Unusual lines after 1 Nf3 and King's Indian Attack} 8. a3 O-O 9. b4 c4 $146 {The position is equal.} ({Predecessor:} 9... a6 10. Nbd2 b5 11. Rb1 Nd7 12. Nb3 cxb4 13. axb4 {1-0 (42) Carlsen,M (2822)-Karjakin,S (2773) Saint Louis 2017}) 10. Re1 cxd3 11. Bg5 Qc7 12. Bxf6 Bxf6 13. Qxd3 Be6 14. Nbd2 Rfd8 15. c4 a5 16. b5 Nb8 {[%cal Bc6b8,Bb8d7,Bd7b6][%mdl 32]} 17. Qe3 Nd7 18. Ng5 Bxg5 19. Qxg5 Nb6 20. Rac1 Qc5 21. Qe3 (21. Qh6 {looks sharper.} Rac8 22. Re3 Qc7 23. f4 Qe7 24. f5) 21... Rac8 22. Bf1 Qxe3 23. Rxe3 Kf8 24. Rec3 Ke7 25. Be2 Rc7 26. Nf1 Rdc8 27. Ne3 Na4 (27... f5 $1 $17 28. exf5 gxf5) 28. R3c2 $15 Nb6 29. Bd3 f6 30. Kf1 Nd7 31. Ke2 b6 32. Rc3 Nc5 33. Bc2 Rf8 34. g4 h5 35. h3 (35. gxh5 $11 gxh5 36. Rg1) 35... hxg4 36. hxg4 Rh8 37. Rg1 g5 38. Nd5+ Bxd5 $1 39. exd5 Kf8 (39... Rh4 $15) 40. Rgg3 $1 $11 Kg7 41. Rh3 Rcc8 42. Kf1 (42. Rce3 $11) 42... Rce8 (42... e4 $15) 43. Rxh8 Rxh8 {[%mdl 4096] Endgame KRB-KRN} 44. Kg2 ({White should play} 44. Bf5 $1 $11) 44... e4 $1 $15 45. Re3 ({Better is} 45. Rh3) 45... Rh4 46. f3 {[#]} exf3+ (46... f5 $1 $17 {[%cal Rf5f4][%mdl 512] Threatens to win with ...f4.} 47. gxf5 exf3+ 48. Rxf3 Rxc4) 47. Kxf3 $11 Rh2 48. Bf5 Kf7 49. Kg3 Ra2 50. Kf3 a4 51. Be6+ (51. Bb1 $11 Ra1 52. Bf5) 51... Kf8 (51... Nxe6 $17 52. Rxe6 Rxa3+ 53. Ke4 Ra1) 52. Bf5 $15 Ra1 (52... Nb3 $1 $17 53. Kg3 Na5) 53. Bg6 Rc1 54. Re8+ Kg7 55. Bf5 Rxc4 56. Rd8 Rc3+ {[%mdl 64] Double Attack} 57. Ke2 Rxa3 58. Rxd6 Ra2+ 59. Ke3 $2 {[%mdl 8192]} (59. Kf3 $1 $11) 59... a3 {[%cal Ba4a3,Ba3a2][%mdl 32]} 60. Rd8 $2 {[#]} (60. Rc6 Ra1 61. Rc7+ Kf8 62. d6 Re1+ 63. Kd2) 60... Ra1 $1 $19 {Black is clearly winning.} 61. Ra8 {[#]} a2 $1 62. Kf2 Rh1 {Accuracy: White = 35%, Black = 49%.} 0-1

[Event "23rd OIBM 2019"]
[Site "Gmund am Tegernsee"]
[Date "2019.11.02"]
[Round "8.37"]
[White "Koepke, Christian"]
[Black "Prraneeth Vuppala"]
[Result "0-1"]
[WhiteElo "2332"]
[BlackElo "2149"]
[Annotator "TA"]
[PlyCount "48"]
[EventDate "2019.10.17"]
[EventType "swiss"]
[EventCountry "GER"]
[SourceTitle "playchess.com"]
[Source "ChessBase"]
[SourceQuality "1"]

{[%evp 17,104,9,7,0,12,17,19,20,16,20,59,49,51,47,43,45,58,41,77,68,118,82,90,90,89,93,91,77,109,96,133,150,239,208,246,172,190,180,187,-65,-50,-72,-64,-431,-431,-461,-449,-422,-141,-128,-105,-101,-85,-110,-12,-12,-12,-14,-12,-13,-13,-182,-175,-611,-606,-598,-548,-620,-612,-590,-318,-497,474,-516,-515,-695,-687,-1014,-893,-29990,-29991,-29990,-1162,-29989,-29990,-29990,-29991,-29991,-29992]} 1. e4 c5 2. Nf3 d6 3. d4 cxd4 4. Nxd4 Nf6 5. Nc3 a6 6. Be2 e5 7. Nb3 Be7 8. O-O O-O 9. Qd3 Be6 10. Bd2 {B92: Sicilian Najdorf: 6 Be2} Nbd7 {[%cal Bb8d7,Bd7c5,Bc5e4,Be4g5][%mdl 32]} 11. Nd5 Bxd5 12. exd5 {The position is equal.} Ne8 (12... a5 13. a4 g6 14. Be3 Ne8 15. Nd2 Bg5 16. Nc4 Bxe3 17. Qxe3 f5 {0-1 (93) Nepomniachtchi,I (2763)-Salem,A (2660) St Petersburg 2018}) 13. Na5 Nc5 14. Qa3 Qc7 15. c4 f5 16. b4 Ne4 17. Be1 $146 ({Predecessor:} 17. Be3 f4 {1-0 (57) Meiners,E (2223)-Krupa,B (2162) LSS email 2011}) 17... f4 18. Rc1 Rc8 19. Qb3 Kh8 20. Bd3 Ng5 21. f3 $1 Nf6 {Threatening ...Nxd5!} 22. Bh4 Nh5 23. Bf2 Qd7 24. Rfe1 Qc7 {Played: Nh5-g3} 0-1